000 00305nam a2200121Ia 4500
005 20260328101507.0
008 260328s9999||||xx |||||||||||||| ||und||
100 _aSchulz, Annika
245 0 _aMove! Best of gym Design /
_cAnnika Schulz
260 _bBraun
650 _aARQUITECTURA DEPORTIVA
942 _cBK
999 _c9078
_d9078